| 000 | 00561nam a2200169 4500 | ||
|---|---|---|---|
| 001 | 112838 | ||
| 003 | ES-MaACL | ||
| 005 | 20230906185640.0 | ||
| 007 | t| | ||
| 008 | 061121q1940 sp r ||||1| spa d | ||
| 100 | 1 |
_aNueda, Luis. _986120 |
|
| 245 | 1 | 0 |
_aMil libros compendiados _b: reseñas del contenido de más de un millar de volúmenes de Ciencias, Ensayos, Estética, Filosofía, Religión / _cLuis Nueda. |
| 260 |
_aMadrid : _bM. Aguilar, _c[1940?] |
||
| 300 |
_a2 v. ; _c20 cm. |
||
| 500 | _aFalta el v. 2. | ||
| 852 |
_aES-MaACL _jA-5335-36 _bR.18575 |
||
| 999 |
_c112838 _d112838 |
||